| 000 | 00855cam a2200277 a 4500 | ||
|---|---|---|---|
| 001 | 2351361 | ||
| 003 | ARRUPE | ||
| 005 | 20150907142901.0 | ||
| 008 | 831018t19841983enk b 001 0 eng | ||
| 010 | _a 83022141 | ||
| 020 | _a0416361404 (pbk.) | ||
| 040 |
_aDLC _cDLC _dDLC _dOCoLC |
||
| 050 | 0 | 0 |
_aPN98.D43 _bN62 1984 |
| 082 | 0 | 0 |
_a190/.14 _219 |
| 100 | 1 |
_aNorris, Christopher, _d1947- _919394 |
|
| 245 | 1 | 4 |
_aThe deconstructive turn : _bessays in the rhetoric of philosophy / _cChristopher Norris. |
| 260 |
_aLondon ; _aNew York : _bMethuen, _c1984, c1983. |
||
| 300 |
_a201 p. ; _c22 cm. |
||
| 490 | 0 |
_aUP ; _v844 |
|
| 500 | _aIncludes indexes. | ||
| 504 | _aBibliography: p. [179]-192. | ||
| 650 | 0 |
_aPhilosophy _919395 |
|
| 740 | 0 | _aRhetoric of philosophy. | |
| 906 |
_a7 _bcbc _corignew _d1 _eocip _f19 _gy-gencatlg |
||
| 942 |
_2lcc _cMONOGRAPH |
||
| 999 |
_c123262 _d123262 |
||